000 04181nab a2200325 i 4500
003 BR-BrBNA
005 20251017154941.0
008 251017b2020 bl.mr|pooa||| 00| 0 eng |
040 _aBR-BrBNA
_beng
072 _aF04
_b1235
072 _aP33
100 _aParis, Jaqueline O.
100 _aGontijo, Ivoney
100 _aPartelli, Fábio L.
100 _aFacco, Alexandro G.
245 _aVariability and spatial correlation of soil micronutrients and organic matter with macadamia nut production
500 _aPublicação on-line; 28 ref.; Sumaries (En, Pt)
520 _a ABSTRACT: Soil fertility is the key to agricultural production. The spatial correlation and location of nutrients may significantly affect the yields. The objective of this work was to evaluate the variability and spatial correlation of iron (Fe), copper (Cu), manganese (Mn), zinc (Zn), and organic matter (OM) with macadamia nut yield. The study was conducted in an Oxisol cultivated for 20 years with macadamia nut in São Mateus, state of Espírito Santo, Brazil. A 100 point grid was used comprising an area of 144 × 140 m with a minimum distance between points of 5 m, in which a single composite soil sample was collected from 0-0.20 m layer for chemical analysis of Fe, Cu, Mn, Zn and OM. Nuts under the canopy’s projection were harvested from February to June, 2015. The data were evaluated by geostatistical analysis using semivariograms, and kriging was used to map spatial distributions of nutrients and nut yield. All evaluated attributes showed strong or moderate spatial dependence structure. The OM was correlated positively with micronutrients, but only Zn was positively correlated with nut yield. Crossed semivariograms adequately explained the maps of Zn and Mn; and Fe showed opposite tendency for macadamia nut yield. Key words: Macadamia integrifolia, spatial variability, geostatistics, plant nutrition
520 _a RESUMO: A fertilidade do solo é um fator decisivo para o rendimento das culturas agrícolas e a sua distribuição e correlação espacial, e podem alterar significativamente a produtividade média em uma área cultivada. Objetivou-se no presente trabalho estudar a variabilidade e correlação espacial dos micronutrientes ferro (Fe), cobre (Cu), manganês (Mn), zinco (Zn), da matéria orgânica (MO) e da produtividade em uma área cultivada com macadâmia. O estudo foi desenvolvido em um Latossolo Amarelo distrocoeso, cultivado há 20 anos com macadâmia no município de São Mateus, ES. A malha instalada foi de 144 x 140 m com 100 pontos e com distância mínima de 5 m, onde foi coletada uma amostra composta de solo na profundidade de 0-0,20 m, utilizada para análise química do Fe, Cu, Mn, Zn e da MO. A colheita da macadâmia foi realizada no período de fevereiro a junho de 2015, colhendo-se os frutos na projeção da copa da planta. Os dados foram submetidos à análise geoestatística através do ajuste de semivariogramas experimentais e o método de krigagem foi aplicado para mapear os padrões espaciais dos nutrientes e da produtividade. Todos os atributos em estudo apresentaram estrutura de dependência espacial (forte e moderada). A MO teve correlação positiva com os micronutrientes, e somente o Zn teve correlação positiva com a produtividade. Zn e Mn obtiveram semivariogramas cruzados que explicaram os mapas observados, enquanto o Fe obteve tendência contrária à produtividade da macadâmia. Palavras-chave: Macadamia integrifolia, variabilidade espacial, geoestatística, nutrição de plantas
650 _aMACADÂMIA
650 _aANÁLISE DO SOLO
650 _aFERTILIDADE DO SOLO
650 _aMATÉRIA ORGÂNICA
650 _aMICROELEMENTO
650 _aPRODUTIVIDADE
773 0 _03534
_9317782
_dCampina Grande-PB Universidade Federal de Campina Grande. Centro de Ciências e Tecnologia 1997
_o2024-4503
_tRevista Brasileira de Engenharia Agrícola e Ambiental (Brazil)
_x1415-4366
_gv. 24 (1) p. 31-36; (2020)
_wBR2025002138
856 _uhttps://www.scielo.br/j/rbeaa/a/dPwSDpDZCvXbY99p9v5qDQh/?format=pdf&lang=en
942 _cANA
999 _c338706
_d338706